000
00253nam a2200097Ia 4500
001
1143189
005
20250827010151.0
008
250824s9999 xx 000 0 und d
245
0
_a
VATAN YAHUT SİLİSTRE
_c
NAMIK KEMAL
260
_b
KİTAP ZAMANI YAYINLARI
999
_c
1143189
_d
1143189